K teórii a praxi rodinnej politiky. 2
Rozdielne modely rodinnej politiky a zmeny v spoločnosti. Modely rodinného spolužitia v prechode k budúcim spoločenským štruktúram. Znaky budúcich spoločenských a rodinných štruktúr. Základné modely rodinnej politiky - pokus o typológiu. Model zameraný na jednotlivca a jeho potreby. Prednostne celos...
Guardado en:
| Autor principal: | |
|---|---|
| Otros Autores: | |
| Formato: | Capítulo de libro |
| Lenguaje: | eslovaco |
| Materias: | |
| Etiquetas: |
Sin Etiquetas, Sea el primero en etiquetar este registro!
|
MARC
| LEADER | 00000naa a2200000 4500 | ||
|---|---|---|---|
| 001 | r018840 | ||
| 005 | 20221213100332.7 | ||
| 041 | 0 | |a slo | |
| 044 | |a SK | ||
| 245 | 1 | 0 | |a K teórii a praxi rodinnej politiky. 2 |c M. Wingen, T. Lenczová |
| 520 | |a Rozdielne modely rodinnej politiky a zmeny v spoločnosti. Modely rodinného spolužitia v prechode k budúcim spoločenským štruktúram. Znaky budúcich spoločenských a rodinných štruktúr. Základné modely rodinnej politiky - pokus o typológiu. Model zameraný na jednotlivca a jeho potreby. Prednostne celospoločensky zameraný model rodinnej politiky. Model favorizujúci rodinu ako inštitúciu. Model zameraný na človeka ako osobu. Rodinná politika a modely rodinného spolužitia. | ||
| 610 | 2 | 0 | |a politika rodinná |
| 610 | 2 | 0 | |a rodina |
| 610 | 2 | 0 | |a spoločnosť |
| 610 | 2 | 0 | |a potreby spoločenské |
| 610 | 2 | 0 | |a politika sociálna |
| 100 | 1 | |a Wingen, M. | |
| 700 | 1 | |a Lenczová, T. | |